Na cizince čekají tisíce míst. Stát ale firmám nepomáhá

Nedostatok ľudí na pracovnom trhu núti domáce firmy zamestnávať ľudí zo zahraničia. Niektoré firmy využívajú štátne podporné programy, iné ich považujú za nepružné a spoliehajú sa na vlastné sily alebo personálne agentúry. Ako riešia nedostatok pracovných síl vo vybraných podnikoch v Českej republik...

Descrizione completa

Salvato in:
Dettagli Bibliografici
Autore principale: Dlasková, Kristýna
Natura: Capitolo di libro
Lingua:ceco
Soggetti:
Tags: Aggiungi Tag
Nessun Tag, puoi essere il primo ad aggiungerne!!

MARC

LEADER 00000naa a2200000 4500
001 0238677
005 20180111105308.2
041 0 |a cze 
044 |a CZ 
245 1 0 |a Na cizince čekají tisíce míst. Stát ale firmám nepomáhá  |c Kristýna Dlasková 
520 |a Nedostatok ľudí na pracovnom trhu núti domáce firmy zamestnávať ľudí zo zahraničia. Niektoré firmy využívajú štátne podporné programy, iné ich považujú za nepružné a spoliehajú sa na vlastné sily alebo personálne agentúry. Ako riešia nedostatok pracovných síl vo vybraných podnikoch v Českej republike. 
610 2 0 |a sily pracovné 
610 2 0 |a zamestnanci 
610 2 0 |a zamestnávatelia 
610 2 0 |a cudzinci 
610 2 0 |a zamestnávanie cudzincov 
610 2 0 |a firmy 
610 2 0 |a Česko 
100 1 |a Dlasková, Kristýna